000
00356nam a2200157Ia 4500
100
_a
Weste/ N.H.E./ Eshraghian K
250
_a
2
942
_c
BK
654
_a
Computer
245
_a
Principles of CMOS VLSI design
260
_b
Addison Wesley Pub
_a
Reading
_c
1992
082
_a
621.395
_b
WE/ESH
300
_a
713
546
_a
ENGLISH
999
_c
32495
_d
32495